Statistics for UEFA Countries By Club A-F

Click here to take the quiz!

General Stats

  • This quiz has been taken 14 times
  • The average score is 14 of 18

Answer Stats

Answer% Correct
France
100%
Austria
92%
Croatia
92%
Finland
92%
Azerbaijan
83%
Belgium
83%
Bosnia and Herzegovina
83%
Bulgaria
83%
England
83%
Armenia
75%
Belarus
75%
Cyprus
75%
Denmark
75%
Albania
67%
Andorra
67%
Czechia
67%
Estonia
67%
Faroe Islands
50%

Score Distribution

Percentile by Number Answered

Percent of People with Each Score

Your Score History

You have not taken this quiz